Arizona A-Z - Statistics

General Stats
  • This quiz has been taken 120 times
    113 since last reset
  • The average score is 15 of 26
Answer Stats
Hint Answer % Correct
G most famous canyon Grand
97%
J presidential candidate ____ McCain John
95%
D MLB baseball team Diamondbacks
85%
N this native-American nation covers 1/9th of the state Navajo
85%
A Indian tribe with several in-state reservations Apache
84%
M 24% of Arizona's total area was purchased from ___ in 1853 Mexico
84%
T Arizona's second city Tucson
84%
C what saguaros are cacti
81%
L imported bridge at Lake Havasu City London
80%
Y the 3:10 train goes here Yuma
77%
U what NAU is university
73%
B 1964 presidential candidate _____ Goldwater Barry
70%
F home of U Flagstaff
69%
S town famous for its crystals, vortexes and red cliffs Sedona
66%
R volunteer cavalry in 1898 Spanish American War: ____ Riders Rough
60%
X Spanish mission near Tucson, San ______ Xavier
53%
H _________ Peak, the state's highest mountain; 12,600 ft Humphreys Peak
44%
O what Lowell, in F, is observatory
44%
W in this town there's a girl, my lord, in a flat Bedford, come to take a look at me Winslow
43%
P capital city until 1889; pop 40,000 Prescott
39%
V what San Fransisco peaks are volcanoes
29%
E Rock & Roll Hall of Famer, Duane ____ Eddy
25%
Q this gemstone-sounding town has a giant annual gemshow Quartzite
23%
K huge wildlife refuge near Y to protect desert bighorn sheep (4 letters) Ko{fa}
13%
I A, in their own language (4 letters) In{dé}
2%
Z ghost town, named for a Nephite king in Book of Mormon (6 letters) Zen{iff}
0%
No matching quizzes found
Score Distribution
Percent of People with Each Score
Percentile by Number Answered
Your Score History
You have not taken this quiz since the last reset